Movies Quiz

Random Movies or Actress Quiz

Movie Cast Match (1981) Quiz Stats

 Plays Quiz Updated Nov 13, 2017

Challenge
Share
Tweet
Embed
Score 0/40 Timer 08:00
2 Plays Today
% Correct
Cheech & Chong's Nice Dreams
86.3%
Raiders of the Lost Ark
84.5%
Arthur
83.8%
The Great Muppet Caper
83.4%
On Golden Pond
82.4%
For Your Eyes Only
77.6%
Stripes
74%
Halloween II
72.7%
Mad Max 2: The Road Warrior
72.6%
Escape from New York
72.5%
History of the World: Part I
71.6%
Das Boot
70.3%
The Cannonball Run
70%
The Fox and the Hound
67%
Body Heat
64.6%
The French Lieutenant's Woman
59.2%
Taps
58.9%
Reds
57.3%
Mommie Dearest
56.5%
Chariots of Fire
56.4%
% Correct
The Postman Always Rings Twice
55.5%
Endless Love
54.5%
Clash of the Titans
53.1%
Bustin' Loose
52.4%
The Incredible Shrinking Woman
52.3%
Absence of Malice
51.9%
An American Werewolf in London
51.9%
The Four Seasons
51.4%
The Evil Dead
49.2%
Blow Out
47.7%
Sharky's Machine
46.4%
Nighthawks
46.3%
Caveman
44.8%
Zorro: The Gay Blade
44.2%
Neighbors
43.2%
Continental Divide
42.2%
Modern Problems
39.9%
S.O.B.
39.1%
Gallipoli
38.1%
Tarzan, the Ape Man
36.8%

You're not logged in!

Compare scores with friends on all Sporcle quizzes.
OR
Log In

You Might Also Like...

Show Comments

Extras

Top Quizzes Today


Score Distribution

Your Account Isn't Verified!

In order to create a playlist on Sporcle, you need to verify the email address you used during registration. Go to your Sporcle Settings to finish the process.

Report this User

Report this user for behavior that violates our Community Guidelines.

Details: